| 000 | 00837nam0a22002531 4500 | ||
|---|---|---|---|
| 001 | rc\2683939 | ||
| 005 | 20250623160050.0 | ||
| 035 | _a(NLR Aleph) 006812274 | ||
| 090 |
_a6356215 _c6356215 |
||
| 100 | _a20110915d1933 |||y0rusy50 ca | ||
| 101 | 0 | _arus | |
| 102 | _aRU | ||
| 105 | _aa z ||||| | ||
| 200 | 1 |
_aСушка и отделка хромовых кож _eОпыт Клинцовск. кожзавода "Красный гигант" _fП. В. Гусев |
|
| 210 |
_aСмоленск _cЗап. обл. гос. изд-во _d1933 _gтип. им. Смирнова |
||
| 215 |
_a16 с. _cил. _d21х15 см. |
||
| 300 | _aНа обл.: Т. В. Гусев | ||
| 700 | 1 |
_aГусев _bП.В. |
|
| 801 | 0 |
_aRU _bNLR _gpsbo |
|
| 801 | 1 |
_aRU _bELAR _2rusmarc |
|
| 852 |
_aNLR _j33-10/1516 |
||
| 942 | _cBOOK | ||
| 980 | _aNB | ||